| 000 | 00467nam a2200193Ia 4500 | ||
|---|---|---|---|
| 005 | 20240823050427.0 | ||
| 008 | 240823s9999||||xx |||||||||||||| ||und|| | ||
| 041 | _aENGLISH | ||
| 082 | _A004.16 N2 | ||
| 100 | _a"Matthews,Robin" | ||
| 245 | 0 | _aThr PC games Bible | |
| 250 | _a1st | ||
| 260 |
_c1992 _b"Sigma Press,United Kingdom" |
||
| 500 | _aYES | ||
| 650 |
_aPersonal Computer _bComputer Science |
||
| 700 | _a Rigby Paul | ||
| 942 | _cBK | ||
| 999 |
_c217231 _d217231 |
||